[Event "Collado Villalba op-B 26th"]
[Site "Collado Villalba"]
[Date "2009.08.27"]
[Round "7"]
[White "Rodriguez Ballespin, Daniel"]
[Black "Cano Cabanillas, Javier"]
[Result "0-1"]
[WhiteElo "1937"]
[BlackElo "1968"]
[PlyCount "90"]
[EventDate "2009.08.21"]
[EventType "swiss"]
[EventRounds "9"]
[EventCountry "ESP"]
[SourceTitle "EXT 2011"]
[Source "ChessBase"]
[SourceDate "2010.11.26"]
[SourceVersion "1"]
[SourceVersionDate "2010.11.26"]
[SourceQuality "1"]

1. f4 e5 2. e4 d5 3. exd5 exf4 4. Nf3 g5 5. Bb5+ c6 6. Qe2+ Be7 7. dxc6 bxc6 8. Bc4 h6 9. Ne5 Nf6 10. Nxf7 Bg4 11. Nxd8 Bxe2 12. Kxe2 Kxd8 13. d3 Nbd7 14. h4 Kc7 15. Bd2 Rae8 16. Kf1 Bc5 17. Nc3 Nh5 18. Ne4 Ng3+ 19. Nxg3 fxg3 20. Bf7 Rhf8 21. Bf4+ gxf4 22. Bxe8 Rxe8 23. Re1 Re5 24. Rxe5 Nxe5 25. c3 Nxd3 26. Ke2 Nxb2 27. Kf3 Be3 28. Re1 Nd3 29. Re2 Kd6 30. Ke4 Nc5+ 31. Kf3 Ke5 32. Rb2 Nd3 33. Rb1 Kf5 34. Ke2 Ke4 35. Rb8 Nc1+ 36. Kf1 Nxa2 37. Rh8 Nxc3 38. Rxh6 Bf2 39. Rxc6 Kd3 40. Rd6+ Bd4 41. h5 Ne4 42. Rd8 Nd2+ 43. Ke1 f3 44. gxf3 Nxf3+ 45. Kf1 Nh4 0-1

[Event "Madrid Low cost Cup"]
[Site "Madrid"]
[Date "2009.08.06"]
[Round "4"]
[White "Tolosana Esteban, Enrique"]
[Black "Rodriguez Ballespin, Daniel"]
[Result "1-0"]
[WhiteElo "1861"]
[BlackElo "1937"]
[PlyCount "64"]
[EventDate "2009.08.03"]
[EventType "swiss"]
[EventRounds "8"]
[EventCountry "ESP"]
[SourceTitle "CBM 131 Extra"]
[Source "ChessBase"]
[SourceDate "2009.09.03"]
[SourceVersion "2"]
[SourceVersionDate "2009.09.16"]
[SourceQuality "1"]

1. e4 c6 2. d4 d5 3. e5 Bf5 4. Ne2 e6 5. Ng3 Bg6 6. h4 h6 7. c3 Nd7 8. a4 Ne7 9. b3 c5 10. Ba3 Nc6 11. h5 Bh7 12. dxc5 Bxc5 13. Bxc5 Nxc5 14. f4 Qb6 15. b4 Ne4 16. Nxe4 Bxe4 17. Rh3 d4 18. Nd2 Bh7 19. Nc4 Qc7 20. Nd6+ Ke7 21. b5 Nxe5 22. fxe5 dxc3 23. Qf3 f6 24. Qxc3 Qxc3+ 25. Rxc3 fxe5 26. Rd1 b6 27. Rc7+ Kf6 28. Rf7+ Kg5 29. Rxg7+ Kf4 30. g3+ Ke3 31. Nc4+ Kf3 32. Rd2 Bf5 1-0

[Event "Madrid Low cost Cup"]
[Site "Madrid"]
[Date "2009.08.05"]
[Round "3"]
[White "Rodriguez Ballespin, Daniel"]
[Black "Sierra Bermejo, Gregorio"]
[Result "0-1"]
[WhiteElo "1937"]
[BlackElo "1763"]
[PlyCount "40"]
[EventDate "2009.08.03"]
[EventType "swiss"]
[EventRounds "8"]
[EventCountry "ESP"]
[SourceTitle "CBM 131 Extra"]
[Source "ChessBase"]
[SourceDate "2009.09.03"]
[SourceVersion "2"]
[SourceVersionDate "2009.09.16"]
[SourceQuality "1"]

1. f4 d5 2. Nf3 Nf6 3. g3 e6 4. Bg2 Nbd7 5. d3 Be7 6. 0-0 0-0 7. Re1 c6 8. c3 Qc7 9. Qc2 Re8 10. e4 e5 11. fxe5 Nxe5 12. Nxe5 Qxe5 13. Bf4 Qh5 14. exd5 Bc5+ 15. Kf1 Rxe1+ 16. Kxe1 Qxh2 17. d4 Qg1+ 18. Bf1 Bh3 19. Qf2 Re8+ 20. Be5 Rxe5+ 0-1

[Event "Collado Villalba op-B 25th"]
[Site "Collado Villalba"]
[Date "2008.08.27"]
[Round "6"]
[White "Rodriguez Ballespin, Daniel"]
[Black "Osorio Ramos, Francisco"]
[Result "1-0"]
[WhiteElo "1922"]
[BlackElo "1940"]
[PlyCount "95"]
[EventDate "2008.08.22"]
[EventType "swiss"]
[EventRounds "7"]
[EventCountry "ESP"]
[SourceTitle "CBM 126 Extra"]
[Source "ChessBase"]
[SourceDate "2008.11.05"]
[SourceVersion "1"]
[SourceVersionDate "2008.11.05"]
[SourceQuality "1"]

1. e4 c5 2. d3 e6 3. Nd2 Nc6 4. g3 b5 5. Bg2 Bb7 6. f4 d6 7. Ngf3 Qc7 8. c3 Be7 9. 0-0 Nf6 10. a4 a6 11. axb5 axb5 12. Rxa8+ Bxa8 13. Re1 0-0 14. h3 Nd7 15. g4 g6 16. Nf1 Bf6 17. f5 Bg7 18. Ng5 e5 19. fxg6 hxg6 20. Ng3 Nf6 21. h4 Bb7 22. h5 Bc8 23. Bf3 Nh7 24. Nxh7 Kxh7 25. Kg2 Rh8 26. g5 gxh5 27. Bxh5 Kg8 28. Rf1 Be6 29. Nf5 Ne7 30. Nh6+ Bxh6 31. gxh6 Ng6 32. Bxg6 fxg6 33. Qf3 Kh7 34. Bg5 Qd7 35. Kg3 Rg8 36. Qf6 Re8 37. Ra1 Bh3 38. Kh2 Be6 39. Ra6 Rg8 40. Rb6 c4 41. dxc4 bxc4 42. Ra6 Rb8 43. Rxd6 Rxb2+ 44. Kg3 Qa7 45. Qe7+ Qxe7 46. Bxe7 Bg8 47. Bg5 Rc2 48. Rd7+ 1-0

[Event "Collado Villalba op-B 25th"]
[Site "Collado Villalba"]
[Date "2008.08.25"]
[Round "4"]
[White "Rodriguez Ballespin, Daniel"]
[Black "Galan Aguado, Fernando"]
[Result "1-0"]
[WhiteElo "1922"]
[BlackElo "1848"]
[PlyCount "119"]
[EventDate "2008.08.22"]
[EventType "swiss"]
[EventRounds "7"]
[EventCountry "ESP"]
[SourceTitle "CBM 126 Extra"]
[Source "ChessBase"]
[SourceDate "2008.11.05"]
[SourceVersion "1"]
[SourceVersionDate "2008.11.05"]
[SourceQuality "1"]

1. e4 e6 2. d3 d5 3. Nd2 Nf6 4. c3 c5 5. g3 Nc6 6. Bg2 Be7 7. f4 h6 8. Ngf3 dxe4 9. dxe4 Qd3 10. Qe2 Qxe2+ 11. Kxe2 b6 12. h3 Ba6+ 13. Kf2 0-0 14. Bf1 Bb7 15. Bd3 Rad8 16. Bc2 Rd7 17. Re1 Rfd8 18. Nc4 Kf8 19. Nce5 Nxe5 20. Nxe5 Rc7 21. Ng4 Nd7 22. Rd1 c4 23. Be3 Nf6 24. Nxf6 Bxf6 25. Rxd8+ Bxd8 26. Rd1 Be7 27. Bd4 f6 28. e5 f5 29. Rd2 Bd5 30. Bd1 b5 31. Bf3 Bxf3 32. Kxf3 Rd7 33. g4 g6 34. gxf5 gxf5 35. h4 Kf7 36. h5 b4 37. Rg2 bxc3 38. bxc3 Bf8 39. Rb2 Be7 40. a4 Ba3 41. Ra2 Bb4 42. Ke2 Ba5 43. Rb2 a6 44. Rb8 Bc7 45. Rb4 Ke8 46. Rxc4 Rg7 47. Rc6 Kd7 48. Rxa6 Rg4 49. Kf3 Rh4 50. Bf2 Rxh5 51. Kg2 Bxe5 52. fxe5 Rg5+ 53. Kf3 Rg4 54. Rd6+ Ke7 55. Rd4 Rg6 56. a5 Rg8 57. a6 h5 58. a7 Rc8 59. c4 Ra8 60. Rh4 1-0

[Event "Collado Villalba op-B 25th"]
[Site "Collado Villalba"]
[Date "2008.08.24"]
[Round "3"]
[White "Sierra Bermejo, Gregorio"]
[Black "Rodriguez Ballespin, Daniel"]
[Result "0-1"]
[WhiteElo "1808"]
[BlackElo "1922"]
[PlyCount "67"]
[EventDate "2008.08.22"]
[EventType "swiss"]
[EventRounds "7"]
[EventCountry "ESP"]
[SourceTitle "CBM 126 Extra"]
[Source "ChessBase"]
[SourceDate "2008.11.05"]
[SourceVersion "1"]
[SourceVersionDate "2008.11.05"]
[SourceQuality "1"]

1. c4 e5 2. Nc3 d6 3. g3 g6 4. Bg2 Bg7 5. d3 Nd7 6. e3 Ngf6 7. Nf3 0-0 8. 0-0 c6 9. Rb1 a5 10. a3 Qc7 11. b4 Nh5 12. Bd2 axb4 13. axb4 f5 14. b5 f4 15. exf4 exf4 16. g4 Nhf6 17. h3 Nc5 18. Bxf4 Nxg4 19. Bg3 Bxc3 20. hxg4 Bxg4 21. d4 Ne4 22. Qd3 Bf5 23. Qe3 Nxg3 24. fxg3 Bxb1 25. Rxb1 Ra1 26. Rxa1 Bxa1 27. Ng5 Qd7 28. bxc6 bxc6 29. Bh3 Re8 30. Be6+ Kg7 31. c5 h6 32. Bxd7 Rxe3 33. Ne6+ Kf6 34. cxd6 0-1

[Event "Madrid-ch sf-B"]
[Site "Madrid"]
[Date "2008.02.01"]
[Round "8"]
[White "Ortega Sanchez, Ainhoa"]
[Black "Rodriguez Ballespin, Daniel"]
[Result "0-1"]
[WhiteElo "1813"]
[BlackElo "1933"]
[PlyCount "97"]
[EventDate "2008.01.10"]
[EventType "swiss"]
[EventRounds "9"]
[EventCountry "ESP"]
[SourceTitle "EXT 2010"]
[Source "ChessBase"]
[SourceDate "2010.11.25"]
[SourceVersion "1"]
[SourceVersionDate "2010.11.25"]
[SourceQuality "1"]

1. d4 Nf6 2. Bg5 Ne4 3. Bf4 d5 4. f3 Nf6 5. Nd2 g6 6. c3 Bg7 7. e4 dxe4 8. fxe4 0-0 9. Ngf3 b6 10. Qc2 Nbd7 11. Bd3 Bb7 12. 0-0 Nh5 13. Bg5 h6 14. Be3 e5 15. Rac1 Rc8 16. Qb1 Nhf6 17. d5 Ng4 18. Bf2 Nxf2 19. Rxf2 c6 20. c4 Nc5 21. Bc2 a5 22. Nb3 Nxb3 23. Bxb3 Qe7 24. Rcf1 Rcd8 25. Qc1 b5 26. cxb5 cxd5 27. exd5 Bxd5 28. Bxd5 Rxd5 29. Qc6 Qc5 30. Qxc5 Rxc5 31. Re2 Rxb5 32. b3 f5 33. Rfe1 e4 34. Nd2 a4 35. bxa4 Ra5 36. Nb3 Rxa4 37. Rd1 Rfa8 38. Rdd2 Rc4 39. Rc2 Rac8 40. Rxc4 Rxc4 41. g3 Kf7 42. Kf2 Bd4+ 43. Nxd4 Rxd4 44. Ke1 Ra4 45. Kd1 g5 46. Rb2 Kg6 47. Kd2 f4 48. gxf4 gxf4 49. Ke2 0-1

[Event "Madrid-ch sf-B"]
[Site "Madrid"]
[Date "2008.01.19"]
[Round "5"]
[White "Vazquez Gonzalez, Jesus"]
[Black "Rodriguez Ballespin, Daniel"]
[Result "1-0"]
[WhiteElo "2079"]
[BlackElo "1933"]
[PlyCount "61"]
[EventDate "2008.01.10"]
[EventType "swiss"]
[EventRounds "9"]
[EventCountry "ESP"]
[SourceTitle "EXT 2010"]
[Source "ChessBase"]
[SourceDate "2010.11.25"]
[SourceVersion "1"]
[SourceVersionDate "2010.11.25"]
[SourceQuality "1"]

1. e4 c6 2. d4 d5 3. exd5 cxd5 4. Bd3 Nc6 5. c3 g6 6. Bf4 Bg7 7. Nd2 Nf6 8. Ngf3 0-0 9. 0-0 a6 10. h3 b5 11. Re1 Qb6 12. a3 Re8 13. Ne5 Nd7 14. Qf3 Ncxe5 15. dxe5 e6 16. h4 Bb7 17. Qg3 Qc7 18. h5 Nc5 19. Bc2 Rad8 20. Nf3 Ne4 21. Qh2 Qc5 22. g4 gxh5 23. Be3 d4 24. Bxd4 Rxd4 25. Nxd4 Nd2 26. Qxh5 h6 27. Rad1 Qd5 28. Qh3 h5 29. Rxd2 hxg4 30. Qh7+ Kf8 31. Qe4 1-0

[Event "Cullera op-B"]
[Site "Cullera"]
[Date "2007.07.09"]
[Round "4"]
[White "Arce Tallada, Ignacio"]
[Black "Rodriguez Ballespin, Daniel"]
[Result "1/2-1/2"]
[WhiteElo "1993"]
[BlackElo "1847"]
[PlyCount "76"]
[EventDate "2007.07.07"]
[EventType "swiss"]
[EventRounds "8"]
[EventCountry "ESP"]
[SourceTitle "CBM 119 Extra"]
[Source "ChessBase"]
[SourceDate "2007.09.04"]
[SourceVersion "1"]
[SourceVersionDate "2007.09.04"]
[SourceQuality "1"]

1. e4 c6 2. d4 d5 3. Nc3 dxe4 4. Nxe4 Bf5 5. Ng3 Bg6 6. h4 h6 7. Bc4 Nd7 8. Nf3 e6 9. Qe2 Ngf6 10. Bf4 Qa5+ 11. Bd2 Qd8 12. 0-0-0 Be7 13. Rhe1 Nd5 14. Bd3 Bxd3 15. Qxd3 Qc7 16. c4 N5f6 17. Kb1 0-0-0 18. Qe2 Rhe8 19. Ne4 Nxe4 20. Qxe4 Nf6 21. Bf4 Nxe4 22. Bxc7 Kxc7 23. Rxe4 Bf6 24. g3 c5 25. Kc2 cxd4 26. Nxd4 a6 27. b4 Rd7 28. Nf3 Rxd1 29. Kxd1 Rd8+ 30. Kc2 a5 31. b5 Kd6 32. Nd4 Kc5 33. Nb3+ Kb6 34. a4 Be7 35. Re5 Rc8 36. Kd3 Rd8+ 37. Ke2 Rc8 38. Kd3 Rd8+ 1/2-1/2

[Event "Madrid op"]
[Site "Madrid"]
[Date "2007.06.03"]
[Round "6"]
[White "Rodriguez Ballespin, Daniel"]
[Black "Diaz Charcan, Jose Maria"]
[Result "0-1"]
[WhiteElo "1746"]
[BlackElo "2104"]
[PlyCount "130"]
[EventDate "2007.05.06"]
[EventType "swiss"]
[EventRounds "9"]
[EventCountry "ESP"]
[SourceTitle "EXT 2008"]
[Source "ChessBase"]
[SourceDate "2007.11.25"]
[SourceVersion "1"]
[SourceVersionDate "2007.11.25"]
[SourceQuality "1"]

1. e4 d5 2. exd5 Nf6 3. Nf3 Nxd5 4. d4 g6 5. c4 Nb6 6. Nc3 Bg7 7. c5 N6d7 8. Bc4 0-0 9. 0-0 Nc6 10. Re1 a6 11. a4 Nf6 12. h3 Nb4 13. Qb3 a5 14. Bf4 Bf5 15. Rac1 h6 16. Bh2 g5 17. Na2 Nxa2 18. Qxa2 Be4 19. Qb3 Bd5 20. Nd2 Bc6 21. Be5 Nd5 22. Bxg7 Kxg7 23. Nf3 Nf4 24. Rcd1 Bd5 25. Bxd5 Qxd5 26. Qe3 e6 27. Kh2 Qf5 28. Qe5+ Qxe5 29. dxe5 Rfd8 30. Nd4 c6 31. Nb3 Rd5 32. Rxd5 exd5 33. Rd1 Ne6 34. Kg3 Kg6 35. Kf3 h5 36. Re1 h4 37. g3 hxg3 38. fxg3 Rh8 39. Kg4 Rd8 40. Kf3 Kf5 41. g4+ Kg6 42. Rd1 Rh8 43. Rh1 Re8 44. h4 gxh4 45. Rxh4 d4 46. Rh1 Rd8 47. Rd1 Rd5 48. Nxa5 Nxc5 49. b4 Nxa4 50. Nxb7 Nb2 51. Rd2 Nc4 52. Rd1 Nxe5+ 53. Ke4 d3 54. Nc5 Nxg4 55. Rg1 f5+ 56. Kf3 Kf6 57. Rd1 Ne5+ 58. Ke3 Nc4+ 59. Kf2 d2 60. Nb3 Ke5 61. Ke2 Ke4 62. Nc5+ Kd4 63. Nd3 Kc3 64. Nf2 Nb2 65. Ra1 d1Q+ 0-1

[Event "Madrid op"]
[Site "Madrid"]
[Date "2007.05.27"]
[Round "5"]
[White "Garcia Reino, Eduardo Javier"]
[Black "Rodriguez Ballespin, Daniel"]
[Result "0-1"]
[WhiteElo "1877"]
[BlackElo "1746"]
[PlyCount "110"]
[EventDate "2007.05.06"]
[EventType "swiss"]
[EventRounds "9"]
[EventCountry "ESP"]
[SourceTitle "EXT 2008"]
[Source "ChessBase"]
[SourceDate "2007.11.25"]
[SourceVersion "1"]
[SourceVersionDate "2007.11.25"]
[SourceQuality "1"]

1. Nf3 d5 2. d4 Nf6 3. Bf4 g6 4. e3 Bg7 5. Be2 0-0 6. 0-0 Nbd7 7. c4 c5 8. dxc5 Nxc5 9. Nc3 dxc4 10. Qxd8 Rxd8 11. Bxc4 Be6 12. Bxe6 Nxe6 13. Be5 Nc5 14. Rad1 Nd3 15. Bd4 Nb4 16. Bc5 Nc6 17. Rxd8+ Rxd8 18. Rd1 Rxd1+ 19. Nxd1 Ne4 20. Ba3 b5 21. b3 a5 22. Bb2 b4 23. Bxg7 Kxg7 24. Kf1 Na7 25. Nd4 e5 26. Nf3 Kf6 27. Ke2 Nb5 28. Kd3 Nec3 29. Kc4 Na3+ 30. Kc5 Nxd1 31. Kb6 Nc3 32. Kxa5 Nxa2 33. Ne1 e4 34. f3 Ke5 35. fxe4 Kxe4 36. Nf3 h6 37. Nd4 Kxe3 38. Nc6 Nc2 39. Ne5 Nc1 40. Nxf7 Nxb3+ 41. Kb5 Nbd4+ 42. Kc4 b3 43. Kc3 h5 44. Ne5 g5 45. g4 h4 46. Nf7 Kf4 47. h3 Ne3 48. Nd6 Ne2+ 49. Kxb3 Ng1 50. Kc3 Nxh3 51. Kd3 Nxg4 52. Ke2 Ne3 53. Nb5 g4 54. Nd4 g3 55. Ne6+ Ke5 0-1

[Event "Madrid-ch U18"]
[Site "Madrid"]
[Date "2006.12.27"]
[Round "5"]
[White "Rodriguez Ballespin, Daniel"]
[Black "Arauz Alonso, Fernando"]
[Result "1/2-1/2"]
[WhiteElo "1692"]
[BlackElo "1840"]
[PlyCount "91"]
[EventDate "2006.12.21"]
[EventType "swiss"]
[EventRounds "9"]
[EventCountry "ESP"]
[SourceTitle "EXT 2009"]
[Source "ChessBase"]
[SourceDate "2008.11.26"]
[SourceVersion "1"]
[SourceVersionDate "2008.11.26"]
[SourceQuality "1"]

1. e4 c6 2. d4 d5 3. Nc3 dxe4 4. Nxe4 Bf5 5. Ng3 Bg6 6. h4 h6 7. Nf3 Nd7 8. h5 Bh7 9. Bd3 Bxd3 10. Qxd3 Ngf6 11. Bf4 Qa5+ 12. Bd2 Qc7 13. 0-0-0 e6 14. Ne4 0-0-0 15. g3 Nc5 16. Nxc5 Bxc5 17. Bf4 Bd6 18. Bxd6 Rxd6 19. c4 Rhd8 20. Qe2 Nd7 21. Ne5 Nxe5 22. dxe5 Rd4 23. Rxd4 Rxd4 24. Rd1 Qb6 25. Rxd4 Qxd4 26. Kc2 g5 27. hxg6 fxg6 28. b3 h5 29. f4 c5 30. Qd3 Qxd3+ 31. Kxd3 Kd7 32. Ke4 Ke7 33. Kf3 Kf7 34. g4 a6 35. Kg3 Kg7 36. Kh4 Kh6 37. a4 b6 38. Kg3 Kg7 39. Kh4 Kh6 40. Kg3 g5 41. f5 h4+ 42. Kh3 Kh7 43. f6 Kg6 44. Kg2 Kf7 45. Kf3 Ke8 46. Kg2 1/2-1/2